000 00906nab a2200241u 4500
001 15442
003 HDC
007 c| |||a|c|aaaa
008 210217b20090508my ||||| |||| 00| 0 may d
040 _aHDC
100 _aAnwar Hussin, Zainab Mohd Yatim & Shahrizan Salian /
_eauthor
_915648
245 0 _aMihas catat jualan dua hari RM333.36j /
_cAnwar Hussin, Zainab Mohd Yatim & Shahrizan Salian
336 _atext
_2rdacontent
337 _acomputer
_2rdamedia
338 _aonline resource
_2rdacarrier
650 _aHalal International Showcase
_915649
650 _aMalaysia External Trade Development Corporation (MATRADE),
_911389
710 _aBERITA HARIAN
856 _zRequest full-text at [email protected]
942 _2lcc
942 _cNEWS
942 _kNWSC 003717
999 _c12758
_d12758